[Event "NZL-ch Major op"]
[Site "Wanganui"]
[Date "2003.01.09"]
[Round "10"]
[White "Maxwell, Ross"]
[Black "Chandler, Bill"]
[Result "0-1"]
[WhiteElo "900"]
[BlackElo "1000"]
[PlyCount "80"]
[EventDate "2003.01.??"]
[EventType "swiss"]
[EventRounds "11"]
[EventCountry "NZL"]
[SourceTitle "EXT 2005"]
[Source "ChessBase"]
[SourceDate "2004.11.15"]
[SourceVersion "1"]
[SourceVersionDate "2004.11.15"]
[SourceQuality "1"]

1. d4 d5 2. c4 e6 3. Nc3 Nf6 4. Bg5 Be7 5. e3 0-0 6. Bd3 dxc4 7. Bxc4 c6 8. Nf3 Nd5 9. Bxe7 Qxe7 10. 0-0 Nd7 11. e4 Nxc3 12. bxc3 b5 13. Bb3 Nb6 14. Qd3 Bb7 15. Bc2 g6 16. Rfe1 Rfd8 17. Qe2 a6 18. Bb3 c5 19. Rad1 cxd4 20. cxd4 Rac8 21. Qe3 Nc4 22. Bxc4 Rxc4 23. Rc1 Rdc8 24. Rxc4 Rxc4 25. Ne5 Rc7 26. h3 f6 27. Nf3 b4 28. g4 Kg7 29. g5 fxg5 30. Nxg5 a5 31. Kg2 a4 32. Qf4 Rc2 33. Ra1 Qf6 34. Qe3 Rc3 35. Qd2 Rc4 36. Rd1 h6 37. Nxe6+ Qxe6 38. f3 Bxe4 39. fxe4 Qxe4+ 40. Kh2 Rc2 0-1

[Event "NZL-ch Major op"]
[Site "Wanganui"]
[Date "2003.01.08"]
[Round "9"]
[White "Lynn, Oscar"]
[Black "Maxwell, Ross"]
[Result "0-1"]
[WhiteElo "999"]
[BlackElo "900"]
[PlyCount "56"]
[EventDate "2003.01.??"]
[EventType "swiss"]
[EventRounds "11"]
[EventCountry "NZL"]
[SourceTitle "EXT 2005"]
[Source "ChessBase"]
[SourceDate "2004.11.15"]
[SourceVersion "1"]
[SourceVersionDate "2004.11.15"]
[SourceQuality "1"]

1. e4 c5 2. d4 Nc6 3. d5 Ne5 4. Bf4 d6 5. Bxe5 dxe5 6. Bb5+ Bd7 7. Bxd7+ Qxd7 8. Nc3 Nf6 9. Nf3 Qg4 10. Qd3 a6 11. 0-0-0 Nd7 12. Rhe1 g6 13. h3 Qf4+ 14. Kb1 Bg7 15. g3 Qf6 16. Qc4 b6 17. d6 e6 18. Ne2 Qxf3 19. Nc3 0-0 20. Rd3 Qxf2 21. Rdd1 Qxg3 22. Qa4 Rfd8 23. Rg1 Qxh3 24. Rh1 Qg4 25. Rdg1 Qf3 26. Rh2 h5 27. Qc4 Qe3 28. Qf1 Nf6 0-1

[Event "NZL-ch Major op"]
[Site "Wanganui"]
[Date "2003.01.07"]
[Round "8"]
[White "Maxwell, Ross"]
[Black "Smith, Devon"]
[Result "0-1"]
[WhiteElo "900"]
[BlackElo "876"]
[PlyCount "40"]
[EventDate "2003.01.??"]
[EventType "swiss"]
[EventRounds "11"]
[EventCountry "NZL"]
[SourceTitle "EXT 2005"]
[Source "ChessBase"]
[SourceDate "2004.11.15"]
[SourceVersion "1"]
[SourceVersionDate "2004.11.15"]
[SourceQuality "1"]

1. d4 e5 2. e3 Qe7 3. dxe5 Qxe5 4. Nf3 Qa5+ 5. Bd2 Qb6 6. b3 Nf6 7. Bd3 Bd6 8. Bc3 Be7 9. 0-0 0-0 10. Nbd2 d5 11. Re1 Be6 12. Nd4 Nbd7 13. Nxe6 Qxe6 14. e4 Bd8 15. e5 Ng4 16. f4 Qb6+ 17. Kh1 Nf2+ 18. Kg1 Nxd3+ 19. Kh1 Nf2+ 20. Kg1 Nxd1+ 0-1